吉林省小测验-Jilin Province Quiz - Statistics

General Stats
  • This quiz has been taken 27 times
  • The average score is 15 of 21
Answer Stats
提示 答案 % Correct
接壤的国家 朝鲜
100%
接壤的国家 俄罗斯
100%
省会城市 长春市
96%
相邻的省级行政区 黑龙江省
96%
相邻的省级行政区 内蒙古自治区
96%
相邻的省级行政区 辽宁省
96%
吉林的汉方言主要是这种官话 {东北}官话
96%
拥有的“985”大学 吉林大学
96%
长白山天池有“三江之源”的雅称,“三江”指这三条河流 松花江
96%
吉林省距离这个海洋仅有约10km 日本海
87%
长白山天池有“三江之源”的雅称, “三江”指这三条河流 鸭绿江
87%
长白山是”东北三宝”的主要产地之一, “东北三宝”指的是这三样名产 人参
83%
长白山是”东北三宝”的主要产地之一,“东北三宝”指的是这三样名产 鹿茸
78%
1860年签订的这则不平等条约使吉林变成了内陆省 中俄{北京}条约
74%
长白山天池有“三江之源”的雅称,“三江”指这三条河流 图们江
74%
最大的天然湖泊 查干湖
70%
长白山是”东北三宝”的主要产地之一,“东北三宝”指的是这三样名产 貂皮
35%
这位央视主持人出生于吉林松原 朱广权
26%
这位短道速滑运动员出生于吉林长春,她曾任冬奥会旗手 周洋
22%
这位喜剧演员、导演出生于吉林农安 陈佩斯
17%
这个溶洞位于吉林磐石,是吉林最大的喀斯特溶洞 {官马}溶洞
13%
No matching quizzes found
Score Distribution
Percent of People with Each Score
Percentile by Number Answered
Your Score History
You have not taken this quiz